Quizzes
Events
Quiz Creation
Community
Videos
Private Events
Remove Ads
Sign In
Join for FREE
Feedback
Dark Mode
Quiz Categories
Sports
Geography
Music
Movies
Television
Just For Fun
Miscellaneous
History
Literature
Language
Science
Gaming
Entertainment
Religion
Holiday
For Kids
Quiz Lab
Recent
Popular Today
Quiz Kudos Today
Editor Picks
Curator Picks
Quizzes by...
Day
Popularity
Type
Ratings
Length
Year
Community
Subscriptions
Recent Discussions
Orange Saloon
Badges
Playlists
Quests
Create
Leaderboards
Showdown
Live 5
Trivia Bingo
Activity
Puzzle Library
Sporcle Events
Private Events
Virtual Trivia
Globe League
Become a Host
Pub Owners
SporcleCon
Opinionation
Our Games
Videos
Blog
Mobile Apps
Partnerships
Remove Ads and Go Orange
Feedback
Music
Pop Music
The Beatles
Song
Album
Lyrics
Bands
Singers
Artist
Clip
Rock
Rap
Classical
Billboard
Country Music
Kpop
Taylor Swift
Music
Pop Music
The Beatles
Song
Album
Lyrics
Bands
Singers
Artist
Clip
Rock
Rap
Classical
Billboard
Country Music
Kpop
Taylor Swift
Random Quiz
Search Sporcle
×
Quiz Lab
Quiz Lab
Music
Song
Type in answers that appear in a list
Type in answers that appear in a list
Classic
Best Score? Go Orange.
Payphone Maroon5 Lyrics Stats
Can you name the Payphone by Maroon5 Lyrics?
By
LyricsMaster
10m
298 Questions
1,232 Plays
1,232 Plays
1,232 Plays
Comments
Comments
Give Quiz Kudos
Give Quiz Kudos
-
- Ratings
hide this ad
Replay
Link that replays current quiz
Next Quiz
Link to next quiz in quiz playlist
You Got
0%
They Got
Avg Score
83%
Avg Friend Score
Upgrade to see
Score Distribution
Jump to the score distribution portion of the page
Score
0/298
Timer
10:00
0
Plays Today
lyrics
% Correct
Chorus
100%
Rap
99.9%
a
98.6%
the
98.6%
the
98.6%
the
98.6%
and
98.6%
the
98.6%
the
98.6%
a
98.6%
the
98.6%
the
98.6%
a
98.6%
the
98.6%
the
98.6%
a
98.6%
i
98.5%
i, i
98.5%
i
98.5%
i
98.5%
i
98.5%
i
98.5%
i
98.5%
i
98.5%
i
98.5%
payphone
97.9%
payphone
97.9%
payphone
97.9%
payphone
97.9%
to
96.9%
to
96.9%
to
96.9%
to
96.9%
to
96.9%
to
96.9%
to
96.9%
to
96.9%
to
96.9%
to
96.9%
to
96.9%
to
96.9%
I'm
96.5%
i'm
96.5%
i'm
96.5%
i'm
96.5%
i'm
96.5%
you
96.3%
you
96.3%
you
96.3%
you
96.3%
you
96.3%
you
96.3%
you
96.3%
you
96.3%
you
96.3%
you
96.3%
you
96.3%
you
96.3%
you
96.3%
you
96.3%
trying
95.5%
call
95.5%
trying
95.5%
call
95.5%
trying
95.5%
call
95.5%
try
95.4%
on
95.3%
on
95.3%
on
95.3%
on
95.3%
all
94.9%
all
94.9%
all
94.9%
all
94.9%
all
94.9%
all
94.9%
all
94.9%
all
94.9%
all
94.9%
all
94.9%
at
94.6%
at
94.6%
at
94.6%
at
94.6%
of
94.5%
of
94.5%
of
94.5%
of
94.5%
of
94.5%
of
94.5%
of
94.5%
home
94.4%
home
94.4%
home
94.4%
it
93.3%
it
93.3%
my
93.1%
my
93.1%
my
93.1%
lyrics
% Correct
my
93.1%
my
93.1%
it
92.2%
it
92.2%
it
92.2%
it
92.2%
it
92.2%
in
92.1%
in
92.1%
in
92.1%
time
91.7%
time
91.7%
spent
91.2%
spent
91.2%
spent
91.2%
where
90.8%
where
90.8%
where
90.8%
where
90.8%
where
90.8%
where
90.8%
be
90.7%
be
90.7%
be
90.7%
be
90.7%
be
90.7%
be
90.7%
we
90.6%
we
90.6%
we
90.6%
we
90.6%
we
90.6%
change
90.4%
change
90.4%
change
90.4%
it's
89.6%
it's
89.6%
it's
89.6%
it's
89.6%
it's
89.6%
it's
89.6%
for
88.3%
for
88.3%
for
88.3%
are
87.9%
are
87.9%
are
87.9%
are
87.9%
are
87.9%
gone
87.4%
gone
87.4%
gone
87.4%
baby
87.2%
baby
87.2%
baby
87.2%
made
85.2%
made
85.2%
made
85.2%
two
84.9%
two
84.9%
two
84.9%
love
84.7%
love
84.7%
love
84.7%
love
84.7%
times
84.2%
times
84.2%
times
84.2%
know
84%
know
84%
hard
83%
plans
82.8%
plans
82.8%
plans
82.8%
me
82.2%
me
82.2%
that
82.1%
that
82.1%
that
82.1%
wrong
81.8%
wrong
81.8%
wrong
81.8%
used
81.7%
remember
81.5%
have
80.9%
have
80.9%
have
80.8%
but
80%
but
80%
but
80%
but
80%
now
79.4%
now
79.4%
even
79.2%
even
79.2%
still
78.5%
still
78.5%
still
78.5%
your
78.4%
this
76.8%
lyrics
% Correct
this
76.8%
people
76.4%
not
76.1%
yeah
76%
next
76%
did
76%
did
76%
paradise
75.8%
too
75.7%
too
75.7%
here
75.6%
is
74.8%
ever
74.8%
ever
74.8%
you're
74.7%
sun
74.4%
happy
74.4%
happy
74.4%
harder
74.3%
late
74.3%
late
74.3%
if
74.3%
like
74.3%
if
74.3%
like
74.3%
when
74.2%
after
74.1%
after
74.1%
wasted
73.5%
wasted
73.5%
i'll
73.3%
i'll
73.3%
stupid
73.2%
stupid
73.2%
picture
73%
holding
72.9%
holding
72.9%
fairy
72.7%
fairy
72.7%
exist
72.5%
full
72.5%
exist
72.5%
full
72.5%
song
72.1%
song
72.1%
lights
71.6%
one
71.6%
one
71.6%
tales
71.4%
tales
71.4%
sets
70.9%
turned
70.7%
turned
70.7%
stuck
70.7%
more
70.6%
more
70.6%
would
70.5%
would
70.5%
sick
70.3%
sick
70.3%
out
69.4%
make
69.2%
called
69.2%
those
69.1%
those
69.1%
say
68.9%
bridges
68.3%
bridges
68.3%
down
67.5%
down
67.5%
our
66.9%
our
66.9%
our
66.9%
paralyzed
64.5%
i've
63.3%
i've
63.3%
burned
63.2%
burned
63.2%
nights
59.9%
back
59.8%
gave
57.8%
gave
57.8%
tomorrow
57.6%
just
57.5%
away
57.1%
yesterday
55.3%
don't
53.5%
said
53%
fine
51.2%
forgot
50.9%
borrow
50.9%
expect
50.7%
expect
50.7%
care
49.4%
cause
48.9%
oh
48.6%
can't
47.8%
before
45.6%
Quiz Playlist
Details
Report
Send in Message
Add To Playlist
Classic:
Type in answers that appear in a list
Quiz Source
Last Updated: Feb 16, 2017
Quiz Scoreboard
CHALLENGE
Sign Up to Join the Scoreboard
Show All
Scores
Hide
Comments
May contain spoilers
Recently Published
Presidents Visiting Landmarks
by Hejman
History
7m
An Introduction to Baseball
by treessimontrees
Sports
5m
Movies - When Are They Set?
by FPL_Elf
Movies
5m
More to Explore
Quiz From the Vault
Featured Blog Post
Where Did the Easter Bunny Come From?
hide this ad
You Might Also Like...
Tags
Artist Quiz
Lyrics Quiz
Song Quiz
Maroon 5
Today's Top Quizzes in Music
Browse Music
hide this ad
Today's Top Quizzes in Song
Browse Song
Top Contributed Quizzes in Music
1
Taylor Swift All Songs (2024)
2
Guess the Artist- 70s Songs
3
One Thing in Common: Music
4
KPOP LOGIC QUIZ
5
2010s Album by Cover III
6
Taylor Swift Logic Puzzle
7
Guess the Taylor Swift song (Mystery Song)
8
7-to-1: Billboard Hot 100 #1 Hits of 2010s
9
2010s Album by Cover IV
10
2010s Album by Cover V
Explore More
Trending Topics
Marvel
Kpop
Disney
Harry Potter
Crossword
NBA
Anime
NFL
Pokémon
Song
Puzzle
Country
The Office
Soccer
WWE
hide this ad
More By:
LyricsMaster
Quiz
Plays
Rating
Category
Featured
Created
David Guetta: Titanium Lyrics
4,864
4.16
Music
Jun 29, 2012
All About That Bass Lyrics
1,569
4.67
Music
Nov 7, 2014
Payphone Maroon5 Lyrics
1,232
5.00
Music
Nov 7, 2014
Am I Wrong lyrics
375
3.00
Music
Nov 9, 2014
Rude by Magic! Lyrics
242
5.00
Music
Nov 8, 2014
Go to Creator's Profile
Score Distribution
Quiz Creator Spotlight
LyricsMaster
Follow
Send a Message
Quizzes Created
-
Created Quiz Play Count
-
More By This Creator
Popular Quizzes Today
1
Find the Countries of Europe - No Outlines Minefield
2
Find the US States - No Outlines Minefield
3
The Countries of the World
4
Popular People in 1961
5
Find the US States
6
US States
7
Risky Map Clicking: Biggest States A-Z
8
1-10 Letter E Words III
More Music Quizzes
Missing Member: Music
Published
Trending Quizzes
Risky Map Clicking: Least Populous States A-Z
1-10 Letter F Words
1-10 Letter G Words
One Thing in Common: United Kingdom
Risky Map Clicking: Next State Alphabetically
Recently Updated
Leaping Animals
pecheneg
Reality TV Shows (A-Z)
bhenderson79
Rickey Henderson's Hall of Fame Teammates
pecheneg
Champions League XIs: Arsenal
pecheneg
Quick Pick: Celebrities in WWE's Hall of Fame
aduchscher
A-Z Keypad Blitz II
pecheneg
Multiple Oscar Actors
pecheneg
Mystery Phrase Blitz: Oscar 'Best Actors'
pecheneg
F. Scott Fitzgerald Novels
LTH
Pick 3 Villains
ddd62291
Trending Topics
Disney
Kpop
Harry Potter
Marvel
Anime
NBA
Crossword
WWE
Puzzle
Song
The Office
Soccer
Pokémon
Country
NFL
Your Account Isn't Verified!
In order to create a playlist on Sporcle, you need to verify the email address you used during registration. Go to your
Sporcle Settings
to finish the process.
Report this User
Report this user for behavior that violates our
Community Guidelines
.
Details:
Send Report
Go to the Sporcle.com Mobile Site →
Comments